| 000 | 00658nam a2200229 a 4500 | ||
|---|---|---|---|
| 008 | |||
| 020 | _a9780435402501 (pbk.) | ||
| 049 | _aMAIN | ||
| 090 |
_aTH6128 _bPLU |
||
| 245 | 1 | 0 |
_aPlumbing : _bNVQ and technical certificate level 2. |
| 250 | _a2nd ed. | ||
| 260 |
_aLondon : _bHeinemann, _c2008. |
||
| 300 |
_avi, 474 p. : _bchiefly col ill. ; _c28 cm. + _ecd-rom. |
||
| 504 | _aIncludes bibliographical references. | ||
| 500 | _aIncludes index. | ||
| 650 | 1 | _aPlumbing. | |
| 907 |
_a.b10275460 _b29-03-10 _c12-03-10 |
||
| 003 | |||
| 005 | 20230123125017.0 | ||
| 040 | _cNUST | ||
| 942 |
_cBOOKS _kTH6128 _mPLU |
||
| 999 |
_c134127 _d134127 |
||